Sociología de la nueva Africa

Tallennettuna:
Bibliografiset tiedot
Päätekijä: Ziégler, Jean (Tekijä)
Aineistotyyppi: Kirja
Kieli:espanja
Julkaistu: Ciudad de México Era 1968
Aiheet:
Tagit: Lisää tagi
Ei tageja, Lisää ensimmäinen tagi!

MARC

LEADER 00000nam a2200000 a 4500
001 UCP5936
003 CL-VaPUC
008 991001e19680000MX |||||||||||||||||spa|d
082 0 4 |a 301  |b ZIE  |2 21 
100 0 |a Ziégler, Jean  |e author  |9 434611 
245 1 0 |a Sociología de la nueva Africa 
300 |a 235 p 
942 |c BK 
945 |d 19991001 00:00:00  |a crobeson 
260 |a Ciudad de México  |b Era  |c 1968 
650 0 |a Sociología   |9 255410 
650 0 |a Sociología política   |9 255920 
650 0 |a Conflicto social  |9 255404 
650 0 |a Lucha de clases  |9 403122 
651 0 |a África  |9 256790 
651 7 |a REPUBLICA DE GHANA  |2 CL-VaPUC  |9 434612 
651 7 |a REPUBLICA DEL CONGO  |2 CL-VaPUC  |9 434613 
583 |a last modification  |c 19991001 00:00:00  |k Rodrigo Vera 
999 |c 283573  |d 283571 
952 |0 0  |1 0  |4 0  |6 301_000000000000000_ZIE_1968  |7 0  |8 A  |9 326840  |a BIBHIS  |b BIBHIS  |d 2019-11-20  |i 1358189  |o 301 ZIE 1968  |p 1358189  |r 2025-01-20  |w 2019-11-20  |y BK  |k HIS